000 00825nam a22001817a 4500
999 _c57210
_d57210
003 Ge_BSU
005 20200117152719.0
008 200117s2019 ge ||||| |||| 00| 0 geo d
041 _ageo
080 _a327(560) ხ-81
100 _aხოზრევანიძე, ლაშა.
_96212
245 _aთურქეთის საგარეო პოლიტიკის თანამედროვე ასპექტები /
_cლაშა ხოზრევანიძე ; რედ. ე. მახარაძე.
264 _aთბილისი :
_bდანი,
_c2019.
300 _a178 გვ.;
_c 20 სმ.
653 _aსაგარეო პოლიტიკა. თურქეთი
700 _a მახარაძე, ე.
_eრედაქტორი
_96213
942 _2udc
_cBK